The Spectre - Alan Walker (all lyrics) - Statistics

General Stats
  • This quiz has been taken 34 times
  • The average score is 128 of 160
Answer Stats
Answer % Correct
a
95%
I
95%
lie
95%
lie)
95%
live,
95%
love,
95%
me
95%
We
95%
we
95%
(We
95%
you
91%
Do
86%
hear
86%
in
86%
the
86%
Can
82%
can
82%
Hello,
82%
hello
82%
To
82%
to
82%
away?
77%
fade
77%
home?
77%
inside
77%
become
73%
Is
73%
need
73%
scream
73%
There's
73%
this
73%
As
68%
call
68%
dark,
68%
find
68%
It
68%
I've
68%
light
68%
my
68%
name?
68%
place
68%
what
68%
your
68%
Before
64%
Deep
64%
don't
64%
ghost
64%
head
64%
other
64%
side
64%
that
64%
all
59%
meet
59%
nice
59%
path
59%
unknown
59%
Voice
59%
forget?
55%
How
55%
Walk
55%
along
50%
belongs
50%
believe
41%
No matching quizzes found
Score Distribution
Percent of People with Each Score
Percentile by Number Answered
Your Score History
You have not taken this quiz